000 00573cam a22002053a 4500
001 35472
003 PGUSA
005 20140828083750.0
008 110303s2011||||xxu|||||s|||||000 | eng d
040 _aPGUSA
_beng
042 _adc
100 1 _aMurray, Gilbert,
_d1866-1957
245 1 0 _aEuripides and His Age
_h[electronic resource] /
_cGilbert Murray
260 _bProject Gutenberg,
_c2011
506 _aPublic domain in the USA.
516 _aElectronic text
830 0 _aProject Gutenberg
_v35472
856 4 0 _uhttp://www.gutenberg.org/ebooks/35472
942 _cEB
999 _c264727
_d264727